000 01074nam a22002655i 4500
001 67138
003 ES-MaACL
005 20251011063110.0
007 t|
008 910902s1989 sp ||||0| spa d
020 _a84-7812-047-5
040 _aM-BN
_bspa
_cM-BN
080 _a929 Borbón, Luis Antonio de, Infante de España
100 1 _aMatilla Tascón, Antonio,
_d1914-2001
_979079
245 1 3 _aEl infante don Luis Antonio de Borbón y su herencia /
_cpor Antonio Matilla Tascón.
260 _aMadrid :
_bAyuntamiento de Madrid, Area de Cultura, Educación, Juventud y Deportes :
_bInstituto de Estudios Madrileños,
_c1989.
300 _a64 p., [16] p. de lám ;
_c22 cm.
490 1 _aCiclo de conferencias: El Madrid de Carlos III ;
_v15
504 _aBibliografía: p. 61-63.
600 1 4 _aBorbón, Luis Antonio Jaime de,
_d1727-1785
_930357
710 2 _aInstituto de Estudios Madrileños
_94916
830 0 0 _aCiclo de conferencias: El Madrid de Carlos III
_v15
_9180033
852 _aES-MaACL
_j2172-F-16
_bR.117274
999 _c67138
_d67138